Les clubs de rugby français - Statistiques

Statistiques générales
  • Ce quiz a été pris 7 fois
  • Le résultat moyen est 20 sur 48
Statistiques - réponses
Par images Réponse % Correct
Aviron Bayonnais
86%
Castres Olympique
86%
FC Grenoble
86%
Lyon Olympique Universitaire
86%
RC Toulonnais
86%
Stade Français Paris
86%
Stade Rochelais
86%
Stade Toulousain
86%
Union Bordeaux-Bègles
86%
US Arlequins Perpignanais
86%
CA Brive
71%
Montpellier
71%
Racing 92
71%
RC Vannes
71%
ASM Clermont
57%
Biarritz Olympique
57%
RC Narbonne
57%
Section Paloise
57%
Provence
43%
Stade Aurillacois
43%
Stade Montois
43%
US Colomiers
43%
US Dax
43%
AS Béziers
29%
CS Bourgoin-Jallieu
29%
Oyonnax
29%
Rouen
29%
SC Albi
29%
Soyaux Angoulême
29%
Stade Olympique Chambéry
29%
SU Agenais
29%
US Montalbanaise
29%
USON Nevers
29%
Blagnac
14%
CA Périgueux
14%
CA Sarladais
14%
CS Vienne
14%
Nissa
14%
RC Massy
14%
RC Orléans
14%
Rennes Étudiants
14%
US Carcassonne
14%
Valence Romans
14%
Cahors
0%
Olympique Marcquois
0%
RC Bassin d'Arcachon
0%
RC Suresnes
0%
US Bressane
0%
Aucun quiz correspondant
Distribution des résultats
% des personnes avec chaque résultat
Percentile par nombre de réponses
Votre historique - résultats
Vous n’avez pas pris ce quiz